00254nam a2200097 a 450000500170000000800410001705000170005810000190007524500320009426000300012620140414131923.0101023s19uu xx 00 eng d aERbW81 1979 aBaum, L. Frank aThe wonderful wizard of Oz. aLondon :bOctopus,c1979.